Effective exchange rates in central and eastern european countries: cyclicality and relationship with macroeconomic fundamentals

Komparácia nominálneho a reálneho výmenného kurzu krajín SVE. Prehľad mechanizmov výmenných kurzov krajín v čase. Volatilita a cyklickosť vo vývoji kurzov. Krížová korelácia medzi výmennými kurzami a makroekonomickými ukazovateľmi - HDP, úrokovou mierou, peňažnou zásobou a mierou investičnej činnos...

Ausführliche Beschreibung

Gespeichert in:
Bibliographische Detailangaben
1. Verfasser: Stavárek, Daniel
Weitere Verfasser: Miglietti, Cynthia
Format: Buchkapitel
Sprache:Englisch
Schlagworte:
Tags: Tag hinzufügen
Keine Tags, Fügen Sie das erste Tag hinzu!

MARC

LEADER 00000naa a2200000 4500
001 0205957
005 20231129092225.7
041 0 |a eng 
044 |a CZ 
245 1 0 |a Effective exchange rates in central and eastern european countries: cyclicality and relationship with macroeconomic fundamentals  |c Daniel Stavárek, Cynthia Miglietti 
520 |a Komparácia nominálneho a reálneho výmenného kurzu krajín SVE. Prehľad mechanizmov výmenných kurzov krajín v čase. Volatilita a cyklickosť vo vývoji kurzov. Krížová korelácia medzi výmennými kurzami a makroekonomickými ukazovateľmi - HDP, úrokovou mierou, peňažnou zásobou a mierou investičnej činnosti. 
610 2 0 |a kurz výmenný 
610 2 0 |a volatilita 
610 2 0 |a cykly hospodárske 
610 2 0 |a analýzy 
610 2 0 |a analýza korelačná 
610 2 0 |a ukazovatele makroekonomické 
100 1 |a Stavárek, Daniel 
700 1 |a Miglietti, Cynthia